[Event "Turkish Cup 2016"]
[Site "Manavgat TUR"]
[Date "2016.01.31"]
[Round "3.22"]
[White "Bircan, Selim"]
[Black "Camci, Ali Ammar"]
[Result "0-1"]
[WhiteElo "1968"]
[BlackElo "2074"]
[WhiteTeam "KONYA"]
[BlackTeam "SAKARYA"]
[WhiteFideId "6315569"]
[BlackFideId "6305130"]
[EventDate "2016.01.30"]

1. d4 Nf6 2. c4 e5 3. dxe5 Ne4 4. Nf3 Nc6 5. e3 d6 6. exd6 Bxd6 7. Be2 Qf6 8.
O-O Bf5 9. a3 O-O-O 10. Qb3 g5 11. Nc3 g4 12. Nxe4 Bxe4 13. Nd2 Bxh2+ 14. Kxh2
Qh4+ 15. Kg1 Rxd2 16. Bxd2 Bxg2 17. f4 Qh1+ 18. Kf2 g3+ 19. Kxg3 Rg8+ 20. Bg4+
Rxg4+ 21. Kxg4 Qh3+ 22. Kg5 f6+ 23. Kxf6 Qh6+ 24. Kf5 Qg6# 0-1

[Event "Turkish Cup 2016"]
[Site "Manavgat TUR"]
[Date "2016.01.31"]
[Round "3.23"]
[White "Gazioglu, Halit"]
[Black "Ozalp, Burak"]
[Result "0-1"]
[WhiteElo "1898"]
[BlackElo "2131"]
[WhiteTeam "GAZIANTEP"]
[BlackTeam "ANKARA"]
[WhiteFideId "6301932"]
[BlackFideId "6314210"]
[EventDate "2016.01.30"]

1. d4 Nf6 2. c4 g6 3. Nc3 Bg7 4. Nf3 d6 5. g3 O-O 6. Bg2 Nc6 7. O-O a6 8. Bg5
Rb8 9. Rc1 h6 10. Bxf6 Bxf6 11. Qd2 Bg7 12. d5 Na5 13. b3 c5 14. Rc2 b5 15. cxb5
axb5 16. e4 Ba6 17. Re1 b4 18. Nd1 c4 19. bxc4 Nxc4 20. Qf4 Qa5 21. h4 b3 22.
axb3 Rxb3 23. Ne3 Ne5 24. Rd1 Nd3 25. Qg4 Qa4 26. Rdd2 Qa1+ 27. Rd1 Qa4 28. Rdd2
Nc5 29. Ra2 Qb4 30. e5 Rb1+ 31. Kh2 Qxg4 32. Nxg4 Bc4 33. Rac2 Bb3 34. Rc3 Ne4
35. Rc7 Nxd2 36. Nxd2 Rb2 37. Nxb3 Rxb3 38. Rxe7 dxe5 39. d6 Rd3 40. d7 h5 41.
Nxe5 Bxe5 42. Rxe5 Rxd7 43. Re4 Rb8 44. Rf4 Kg7 45. Bc6 Rd6 46. Bf3 Rf6 47. Rxf6
Kxf6 48. Kg2 Rb4 49. Bd5 Rd4 50. Bc6 Rd6 51. Be4 Ke5 52. Bb7 Rb6 53. Ba8 f6 54.
Kf3 Rb3+ 55. Kg2 Rb2 56. Bc6 Rb8 57. Kf3 Rd8 58. Kg2 Kf5 59. Bb7 g5 60. hxg5
fxg5 61. Bf3 Rh8 62. Bc6 Rb8 63. Bf3 Kg6 64. Be4+ Kh6 65. Bd5 Rb4 66. Bf3 Rd4
67. Bc6 Rd6 68. Be4 Rf6 69. Bd5 Kg7 70. Bf3 Rh6 71. Be4 Kf6 72. Bb7 Ke5 73. Kf3
Kd4 74. Kg2 Kd3 75. Bf3 Kd2 76. Bd5 Ke1 77. f4 g4 78. Bf7 Ke2 79. f5 Ke3 80. Bg6
Ke4 81. Kf2 Ke5 82. Ke3 Rh8 83. Kd3 Rd8+ 84. Ke2 Rh8 85. Ke3 Rh6 86. Kd3 Kf6 87.
Ke3 Kg5 88. Kf2 Rh8 89. Ke2 Rb8 90. Bf7 Rb2+ 91. Ke3 Rg2 0-1

[Event "Turkish Cup 2016"]
[Site "Manavgat TUR"]
[Date "2016.01.31"]
[Round "3.24"]
[White "Ozen, Deniz"]
[Black "Taskaya, Muhammed"]
[Result "1-0"]
[WhiteTitle "FM"]
[WhiteElo "2061"]
[BlackElo "1911"]
[WhiteTeam "IZMIR"]
[BlackTeam "KARAMAN"]
[WhiteFideId "6349196"]
[BlackFideId "6363865"]
[EventDate "2016.01.30"]

1. e4 e6 2. d4 d5 3. Nc3 dxe4 4. Nxe4 Bd7 5. Nf3 Bc6 6. Bd3 Nd7 7. O-O Ngf6 8.
Ng3 Bd6 9. Re1 b6 10. Nf5 O-O 11. Nxd6 cxd6 12. Bf4 Qc7 13. c4 Rad8 14. Rc1 Bxf3
15. Qxf3 e5 16. dxe5 Nxe5 17. Qd1 Nxd3 18. Qxd3 Qc5 19. Be3 Qh5 20. Bd4 Ng4 21.
Qg3 Ne5 22. Bxe5 dxe5 23. Rxe5 Rd1+ 24. Re1 Rxc1 25. Rxc1 Qe2 26. Qc3 Rd8 27. h3
Rd2 28. Qg3 h6 29. b4 Rc2 30. Rxc2 Qxc2 31. Qb8+ Kh7 32. Qc7 Qb1+ 33. Kh2 Qxb4
34. Qxf7 Qd6+ 35. g3 a5 36. Qf5+ Kg8 37. a4 Qc6 38. Qb5 Qf6 39. Kg2 Kh7 40. g4
Kg6 41. Qh5+ 1-0

[Event "Turkish Cup 2016"]
[Site "Manavgat TUR"]
[Date "2016.01.31"]
[Round "3.25"]
[White "Alaz, Ahmet Efekan"]
[Black "Kucuk, Dogan"]
[Result "1/2-1/2"]
[WhiteElo "1868"]
[BlackElo "2066"]
[WhiteTeam "IZMIR"]
[BlackTeam "ANTALYA"]
[WhiteFideId "6326005"]
[BlackFideId "6312985"]
[EventDate "2016.01.30"]

1. d4 Nf6 2. Nf3 g6 3. Nc3 d5 4. Bf4 Bg7 5. e3 O-O 6. Be2 c5 7. Ne5 cxd4 8. exd4
Qb6 9. Na4 Qa5+ 10. c3 Nc6 11. b4 Qd8 12. Nxc6 bxc6 13. Nc5 Ne4 14. Nxe4 dxe4
15. Bc4 a5 16. a3 axb4 17. axb4 Rxa1 18. Qxa1 e6 19. Qa7 g5 20. Bc7 Qd7 21. Bb6
Bb7 22. Ba6 Bc8 23. Qxd7 Bxd7 24. Kd2 e5 25. Bc4 exd4 26. cxd4 Ra8 27. Kc2 Bf8
28. Bc5 Kg7 29. Rd1 f5 30. Kb3 f4 31. Re1 Bf5 32. Bxf8+ Kxf8 33. d5 cxd5 34.
Bxd5 Re8 35. b5 Be6 36. Bxe6 Rxe6 37. Kc4 Ke7 38. Kc5 Kd7 39. Kd4 Rd6+ 40. Ke5
Rd2 41. Kxe4 Rxf2 42. Rg1 Rb2 43. h4 Rb4+ 44. Kf3 Ke6 45. hxg5 Kf5 46. Rh1 Rb3+
47. Kf2 1/2-1/2

[Event "Turkish Cup 2016"]
[Site "Manavgat TUR"]
[Date "2016.01.31"]
[Round "3.26"]
[White "Gundogan, Cem"]
[Black "Sabahi, Ali Can"]
[Result "1-0"]
[WhiteElo "2076"]
[BlackElo "1896"]
[WhiteTeam "KOCAELI"]
[BlackTeam "KAHRAMANMARAS"]
[WhiteFideId "6311032"]
[BlackFideId "6306950"]
[EventDate "2016.01.30"]

1. e4 c5 2. Nc3 e6 3. Nf3 a6 4. g3 d5 5. exd5 exd5 6. d4 Nf6 7. Bg2 cxd4 8. Nxd4
Be7 9. O-O Bg4 10. Qd3 Nc6 11. Nf5 Nb4 12. Nxg7+ Kf8 13. Bh6 Nxd3 14. Ne6+ Kg8
15. Nxd8 Nxb2 16. Nxb7 Be6 17. Rab1 Nc4 18. Rfd1 Na3 19. Rb6 Nc4 20. Rb3 Rc8 21.
Nxd5 Nxd5 22. Bxd5 Bxd5 23. Rxd5 f6 24. Na5 Ne5 25. Bf4 Ng6 26. Bd6 Bd8 27. c4
Kf7 28. Nb7 Rxc4 29. Nc5 Re8 30. Rb7+ Kg8 31. Nd3 Rc2 32. a3 Rd2 33. Bb4 Rd1+
34. Kg2 Be7 35. Rdd7 Bxb4 36. Rg7+ Kh8 37. Rxh7+ Kg8 38. Rhg7+ Kh8 39. Rh7+ Kg8
40. Rbg7+ Kf8 41. Nxb4 Re7 42. Rxe7 Nxe7 43. Nxa6 Ra1 44. Nc5 Rxa3 45. Nd7+ Ke8
46. Nxf6+ Kf8 47. Nd7+ Ke8 48. Ne5 Kf8 49. f4 Nf5 50. Rf7+ 1-0

[Event "Turkish Cup 2016"]
[Site "Manavgat TUR"]
[Date "2016.01.31"]
[Round "3.27"]
[White "Dalgar, Hakki Berat"]
[Black "Afyoncu, Omer"]
[Result "1-0"]
[WhiteTitle "CM"]
[WhiteElo "1982"]
[BlackElo "2037"]
[WhiteTeam "KARAMAN"]
[BlackTeam "ANKARA"]
[WhiteFideId "6347444"]
[BlackFideId "6305989"]
[EventDate "2016.01.30"]

1. d4 Nf6 2. Nf3 e6 3. c4 a6 4. g3 b5 5. Qc2 Bb7 6. Bg2 Be4 7. Qb3 Nc6 8. cxb5
Nxd4 9. Nxd4 Bxg2 10. Rg1 Bd5 11. Qc2 e5 12. Nf3 Bxf3 13. exf3 axb5 14. Qe2 Bd6
15. Qxb5 O-O 16. Kf1 Qe7 17. Kg2 Qe6 18. Nc3 Rfb8 19. Qd3 Bb4 20. Bg5 Bxc3 21.
Qxc3 Nd5 22. Qc2 c6 23. a3 Nc7 24. Be3 d5 25. Rac1 Ra6 26. Rge1 Qc8 27. Bc5 Qd7
28. Rxe5 Ne6 29. Rce1 h6 30. f4 d4 31. Qc4 Ra5 32. Bxd4 Nxf4+ 33. gxf4 Qg4+ 34.
Kf1 Qh3+ 35. Ke2 Qg4+ 36. Kd3 Rxe5 37. fxe5 Qf3+ 38. Kc2 Qf5+ 39. Qd3 Qe6 40.
Bc5 Qa2 41. Qc3 Rb5 42. Rd1 Qe6 43. Kb1 Kh7 44. Rd6 Qf5+ 45. Ka2 Qe4 46. e6 fxe6
47. Rd7 Qg4 48. Bf8 Rg5 49. h4 e5 50. Qd3+ e4 51. Qd4 Rg6 52. a4 Kg8 53. Bxg7
Qe6+ 54. b3 Rg2 55. Rd8+ 1-0

[Event "Turkish Cup 2016"]
[Site "Manavgat TUR"]
[Date "2016.01.31"]
[Round "3.28"]
[White "Temizkan, Denizcan"]
[Black "Unal, Osman"]
[Result "0-1"]
[WhiteTitle "FM"]
[WhiteElo "2002"]
[BlackElo "1795"]
[WhiteTeam "HATAY"]
[BlackTeam "ORDU"]
[WhiteFideId "6325157"]
[BlackFideId "6321224"]
[EventDate "2016.01.30"]

1. d4 d5 2. c4 e6 3. Nc3 Nf6 4. Bg5 Be7 5. Nf3 O-O 6. e3 Nbd7 7. Rc1 c5 8. cxd5
Nxd5 9. Bxe7 Nxe7 10. Bd3 cxd4 11. exd4 Nf6 12. O-O b6 13. Qa4 Bb7 14. Ne5 Ned5
15. Rfe1 a6 16. f3 b5 17. Qd1 Nf4 18. Be4 Nxe4 19. Nxe4 f6 20. Nc6 Bxc6 21. Rxc6
Qd5 22. Rd6 Qxa2 23. Qd2 e5 24. dxe5 fxe5 25. Nc3 Qc4 26. Rxe5 b4 27. Na4 Rae8
28. Nb6 Ne2+ 29. Kh1 Ng3+ 30. hxg3 Qf1+ 31. Kh2 Rxe5 0-1

[Event "Turkish Cup 2016"]
[Site "Manavgat TUR"]
[Date "2016.01.31"]
[Round "3.29"]
[White "Koc, Ilkay"]
[Black "Eremkere, Mehmet Halil"]
[Result "1-0"]
[WhiteElo "2045"]
[BlackElo "1762"]
[WhiteTeam "BURSA"]
[BlackTeam "BITLIS"]
[WhiteFideId "6304486"]
[BlackFideId "6318010"]
[EventDate "2016.01.30"]

1. d4 Nf6 2. c4 e6 3. Nc3 d5 4. Bg5 Nbd7 5. cxd5 exd5 6. e3 Be7 7. Nf3 c6 8. Bd3
h6 9. Bh4 O-O 10. O-O Ne8 11. Bg3 Nd6 12. Rc1 Nf6 13. Qc2 Nh5 14. Ne5 f5 15. Ng6
Rf6 16. Nxe7+ Qxe7 17. Be5 Rf7 18. f4 g6 19. b4 Nf6 20. b5 Bd7 21. Qb3 Ng4 22.
bxc6 Bxc6 23. Rce1 Rd8 24. h3 Nf6 25. Rc1 Nde4 26. Bxe4 fxe4 27. Nb5 a6 28. Na7
Be8 29. Rc7 Rd7 30. Rfc1 Nh5 31. Rxd7 Qxd7 32. Qb6 Re7 33. g4 Ng7 34. Qf6 Qe6
35. Rc8 Qf7 36. Rd8 Kh7 37. Nc8 Qxf6 38. Bxf6 Re6 39. Be5 Bc6 40. Rf8 Ne8 41.
Rh8# 1-0

[Event "Turkish Cup 2016"]
[Site "Manavgat TUR"]
[Date "2016.01.31"]
[Round "3.30"]
[White "Bal, Enes Emre"]
[Black "Rzayev, Askar Aliakbar"]
[Result "1/2-1/2"]
[WhiteElo "1978"]
[BlackElo "2082"]
[WhiteTeam "KARAMAN"]
[BlackTeam "BURSA"]
[WhiteFideId "6325866"]
[BlackFideId "13405039"]
[EventDate "2016.01.30"]

1. d4 Nf6 2. c4 g6 3. Nc3 Bg7 4. e4 d6 5. Nf3 O-O 6. Be2 Bg4 7. Be3 Nfd7 8. h3
Bxf3 9. Bxf3 c5 10. d5 Na6 11. O-O Nc7 12. Be2 Rb8 13. a4 Na6 14. Qd2 Re8 15.
Nb5 Ra8 16. Ra3 Nb4 17. Bg5 Nf6 18. Nc3 a6 19. f4 h6 20. Bh4 Nh7 21. e5 dxe5 22.
Ne4 Qc7 23. Bf2 exf4 24. Nxc5 a5 25. Ne4 Ng5 26. Nxg5 hxg5 27. h4 Qe5 28. hxg5
Qxg5 29. Bg3 Qe5 30. Qxf4 Qxf4 31. Rxf4 Bxb2 32. Raf3 Be5 33. Rg4 Bxg3 34. Rfxg3
Rad8 35. Bd3 e6 36. Bxg6 fxg6 37. Rxg6+ Kf7 38. dxe6+ Rxe6 39. Rg7+ Kf6 40.
R3g6+ Ke5 41. Rg5+ Kf4 42. g3+ Ke3 43. Rxa5 b6 44. Rb5 Nd3 45. a5 bxa5 46. Rxa5
Rc8 47. Raa7 Rxc4 48. Rae7 Rxe7 49. Rxe7+ Kf3 50. Kh2 Rc2+ 51. Kh3 Nf2+ 52. Kh4
Rc4+ 53. Kg5 Ne4+ 54. Kf5 Nxg3+ 55. Ke6 Ke4 56. Kd6+ Kd4 57. Re1 Ne4+ 58. Ke6
Rc6+ 59. Kf5 Rf6+ 60. Kg4 Ke5 61. Ra1 Rg6+ 62. Kf3 Rg3+ 63. Ke2 Kf4 64. Ra8 Rg2+
65. Kd3 Rd2+ 66. Kc4 Ke3 67. Ra3+ Kf4 68. Ra8 Rd7 69. Rh8 Nf6 70. Rh1 Ke5 71.
Rh8 Ng4 72. Re8+ Kd6 73. Ra8 Ne5+ 74. Kd4 Nc6+ 75. Ke4 Re7+ 76. Kf4 Kd5 77. Rh8
Kd4 78. Kf5 Re1 79. Ra8 Ne7+ 80. Kf4 Nd5+ 81. Kf3 Re3+ 82. Kf2 Rb3 83. Rd8 Ke4
84. Ra8 Nf6 85. Ra4+ Kf5 86. Ra8 Kf4 87. Ke2 Nd5 88. Ra4+ Ke5 89. Ra8 Nf4+ 90.
Kd2 Ne6 91. Rh8 Rg3 92. Rh5+ Ke4 93. Rh4+ Nf4 94. Rh8 Kd4 95. Rd8+ Nd5 96. Ke2
Re3+ 97. Kf2 Re7 98. Ra8 Rf7+ 99. Kg3 Nc3 100. Rd8+ Ke3 101. Kg4 Ne4 102. Ra8
Rf4+ 103. Kh5 Rf6 104. Ra1 Kd4 105. Ra4+ Ke5 1/2-1/2

[Event "Turkish Cup 2016"]
[Site "Manavgat TUR"]
[Date "2016.01.31"]
[Round "3.31"]
[White "Akdogan, Alperen"]
[Black "Elalmis, Husamettin"]
[Result "1-0"]
[WhiteElo "2114"]
[BlackElo "1731"]
[WhiteTeam "ISTANBUL"]
[BlackTeam "ANKARA"]
[WhiteFideId "6347363"]
[BlackFideId "6318002"]
[EventDate "2016.01.30"]

1. d4 d5 2. Nf3 Nf6 3. c4 e6 4. g3 Nbd7 5. Bg2 c6 6. Qc2 Bb4+ 7. Bd2 Bxd2+ 8.
Nbxd2 O-O 9. O-O a5 10. e4 dxe4 11. Nxe4 Nxe4 12. Qxe4 Nf6 13. Qe2 a4 14. Rfd1
Qa5 15. c5 Nd5 16. Ne5 a3 17. Nc4 Qa6 18. Qc2 axb2 19. Nxb2 Bd7 20. Nc4 Rfd8 21.
a4 Be8 22. Rdb1 f6 23. Be4 g6 24. Nd6 Rd7 25. a5 Qa7 26. Qb2 Qa6 27. Ra3 b5 28.
axb6 Qxa3 29. Qxa3 Rxa3 30. b7 Rxb7 31. Rxb7 Ra8 32. Bxd5 exd5 33. Re7 Kf8 34.
Rxh7 g5 35. Rh8+ Ke7 36. Kg2 Rd8 37. Nxe8 Rxe8 38. Rxe8+ Kxe8 39. h4 g4 40. Kf1
Kf7 41. Ke2 Kg6 42. Ke3 Kf5 43. f3 1-0

[Event "Turkish Cup 2016"]
[Site "Manavgat TUR"]
[Date "2016.01.31"]
[Round "3.32"]
[White "Oner, Oguz"]
[Black "Sahin, Ozgun"]
[Result "1-0"]
[WhiteElo "1858"]
[BlackElo "2085"]
[WhiteTeam "MERSIN"]
[BlackTeam "BURDUR"]
[WhiteFideId "6329330"]
[BlackFideId "6328121"]
[EventDate "2016.01.30"]

1. d4 d5 2. Nf3 Nf6 3. c4 c6 4. Nc3 a6 5. a4 g6 6. Qb3 dxc4 7. Qxc4 b5 8. Qb3
Be6 9. Qc2 b4 10. Ne4 Nxe4 11. Qxe4 Bf5 12. Qe5 f6 13. Qf4 Qd5 14. g4 Be4 15.
Rg1 g5 16. Qe3 Qe6 17. h4 gxh4 18. g5 Rg8 19. Bh3 Qxh3 20. Qxe4 h6 21. gxh6 f5
22. Qe6 Rxg1+ 23. Nxg1 Qg4 24. Nf3 Nd7 25. Bg5 Qh5 26. Qxc6 Rd8 27. O-O-O Kf7
28. Rh1 h3 29. d5 Qg6 30. Qxd7 Rxd7 31. Ne5+ Kg8 32. Nxg6 Rxd5 33. Rxh3 1-0

[Event "Turkish Cup 2016"]
[Site "Manavgat TUR"]
[Date "2016.01.31"]
[Round "3.33"]
[White "Esen, Nejdet"]
[Black "Arca, Ekin"]
[Result "1/2-1/2"]
[WhiteElo "2058"]
[BlackElo "1844"]
[WhiteTeam "YALOVA"]
[BlackTeam "K.K.T.C."]
[WhiteFideId "6305644"]
[BlackFideId "5901227"]
[EventDate "2016.01.30"]

1. e4 e6 2. Nf3 d5 3. Nc3 Be7 4. d4 Nf6 5. e5 Nfd7 6. Bf4 a6 7. a3 c5 8. dxc5
Bxc5 9. Bd3 b5 10. O-O Nc6 11. Qd2 Be7 12. h3 Bb7 13. Rfe1 Nc5 14. Bf1 Ne4 15.
Nxe4 dxe4 16. Rxe4 Qxd2 17. Bxd2 O-O 18. Ree1 Rfd8 19. Be3 Rd5 20. c4 bxc4 21.
Bxc4 Rd7 22. Rac1 Bd8 23. b4 Bc7 24. Bc5 h6 25. Kf1 Ne7 26. Nd4 Ng6 27. Nxe6
Bxe5 28. f4 Bxf4 29. Nxf4 Nxf4 30. Rc2 Nd3 31. Ree2 1/2-1/2

[Event "Turkish Cup 2016"]
[Site "Manavgat TUR"]
[Date "2016.01.31"]
[Round "3.34"]
[White "Aktas, Ilker"]
[Black "Kilic, Efe Mert"]
[Result "0-1"]
[WhiteElo "1892"]
[BlackElo "1998"]
[WhiteTeam "MALATYA"]
[BlackTeam "KOCAELI"]
[WhiteFideId "6306152"]
[BlackFideId "6354327"]
[EventDate "2016.01.30"]

1. e4 d5 2. exd5 Qxd5 3. Nc3 Qd6 4. d4 Nf6 5. Nb5 Qb6 6. c4 c6 7. Nc3 Bg4 8. Nf3
Bxf3 9. gxf3 g6 10. Qb3 Nbd7 11. Qxb6 Nxb6 12. Be3 Bg7 13. Be2 O-O 14. O-O-O
Rfd8 15. Rd2 Rd7 16. Ne4 e6 17. Nc5 Re7 18. Rhd1 Rd8 19. b3 Nc8 20. Ne4 Nb6 21.
Bg5 Nbd7 22. Kc2 h6 23. Be3 Kh7 24. a4 Nf8 25. Nxf6+ Bxf6 26. d5 cxd5 27. cxd5
exd5 28. Rxd5 Rxd5 29. Rxd5 Bg5 30. Kd2 Ne6 31. Bc4 Kg7 32. Rd6 Nc5 33. Bd5
Bxe3+ 34. fxe3 a5 35. Kc3 Na6 36. Kd4 Nb4 37. e4 g5 38. Rb6 Rc7 39. Bxb7 Nc2+
40. Kd3 Nb4+ 41. Kd4 Nc2+ 42. Ke5 f6+ 43. Kd6 Rc3 44. Bd5 Kg6 45. e5 Ne3 46. e6
Rd3 47. Rb5 Nxd5 48. Rxd5 Rxf3 49. Kd7 Re3 50. Rb5 g4 51. Rb8 Rd3+ 52. Ke7 Kg7
53. Rb7 h5 54. Rd7 Rxb3 55. Kd6+ Kg6 56. Ke7 Kg7 57. Kd8+ Kg6 58. Rd5 Re3 59. e7
f5 60. e8=Q+ Rxe8+ 61. Kxe8 h4 62. Rxa5 g3 63. Rb5 g2 64. Rb1 f4 65. Rg1 f3 66.
a5 h3 67. a6 f2 0-1

[Event "Turkish Cup 2016"]
[Site "Manavgat TUR"]
[Date "2016.01.31"]
[Round "3.35"]
[White "Celik, Berkay"]
[Black "Olcum, Ahmet"]
[Result "1-0"]
[WhiteElo "1814"]
[BlackElo "2013"]
[WhiteTeam "DUZCE"]
[BlackTeam "KARAMAN"]
[WhiteFideId "6337848"]
[BlackFideId "6311393"]
[EventDate "2016.01.30"]

1. e4 d6 2. d4 g6 3. Nc3 Bg7 4. f4 Nf6 5. Be2 O-O 6. g4 e5 7. g5 exd4 8. gxf6
Bxf6 9. Nd5 Bh4+ 10. Kf1 c6 11. Nb4 c5 12. Nd3 Nc6 13. Nf3 Bh3+ 14. Kg1 f5 15.
e5 Re8 16. exd6 Bg4 17. d7 Qxd7 18. Nfe5 Nxe5 19. Nxe5 Bxe2 20. Qxe2 Qd5 21. Qg2
Rad8 22. Qxd5+ Rxd5 23. Nf3 Bf6 24. Bd2 d3 25. c3 c4 26. Kf2 Re2+ 27. Kg3 Rb5
28. Rab1 Ra5 29. a3 Rb5 30. Rhe1 Re4 31. Kf2 Be7 32. Be3 a6 33. a4 Ra5 34. Ra1
Bd6 35. Nd2 Be7 36. Nxe4 fxe4 37. Kg2 Rf5 38. Bd2 1-0

[Event "Turkish Cup 2016"]
[Site "Manavgat TUR"]
[Date "2016.01.31"]
[Round "3.36"]
[White "Sat, Eray"]
[Black "Sakir, Ridvan"]
[Result "0-1"]
[WhiteElo "1898"]
[BlackElo "2093"]
[WhiteTeam "YALOVA"]
[BlackTeam "ADANA"]
[WhiteFideId "6347967"]
[BlackFideId "6365434"]
[EventDate "2016.01.30"]

1. e4 c5 2. Ne2 d6 3. c4 Nf6 4. Nbc3 Nc6 5. d4 cxd4 6. Nxd4 g6 7. Be2 Nxd4 8.
Qxd4 Bg7 9. Be3 O-O 10. Qd2 a5 11. O-O a4 12. f3 Qa5 13. Rab1 Be6 14. Rfc1 Rfc8
15. b3 axb3 16. axb3 Qb4 17. Rc2 Nd7 18. Nd5 Qxd2 19. Rxd2 Bxd5 20. exd5 Ra3 21.
Bd4 Bxd4+ 22. Rxd4 Ra2 23. Bf1 Rca8 24. Re4 Kf8 25. Rbe1 Re8 26. R4e3 b6 27. h3
Nf6 28. Kh2 b5 29. h4 bxc4 30. bxc4 Nd7 31. Kg3 Rc2 32. R3e2 Rxe2 33. Rxe2 Rc8
34. Rb2 Ne5 35. Rb4 f5 36. Kf4 Kg7 37. Ke3 Kf6 38. Be2 Ra8 39. Rb3 Ra1 40. f4
Nd7 41. Kd4 Nc5 42. Re3 Rh1 43. g3 h6 44. Ra3 Rg1 45. Re3 Rg2 46. Bd3 Rd2 47.
Kc3 Rd1 48. Bc2 Rc1 49. Kb2 Rg1 50. Kc3 Ne4+ 51. Bxe4 fxe4 52. Rxe4 Rxg3+ 53.
Kd4 Rh3 54. Re6+ Kf7 55. Ke4 Rxh4 56. Kf3 Rh3+ 57. Kg4 Rc3 58. Re4 Rc1 59. Kh4
Rg1 60. Kh3 h5 61. Re3 Rg4 62. Rf3 Kf6 63. Rf2 Kf5 64. Re2 Rxf4 65. Rxe7 Rxc4
66. Re6 Rc3+ 67. Kg2 g5 68. Rxd6 Rd3 69. Rd8 Kg4 70. d6 Rd2+ 71. Kf1 h4 72. Ke1
Rd5 73. Kf2 Rf5+ 74. Kg1 Kg3 75. d7 Rd5 76. Kf1 g4 77. Re8 Rd1+ 78. Ke2 Rxd7 79.
Re3+ Kg2 80. Re4 Rg7 81. Rf4 h3 82. Rf2+ Kg3 83. Kf1 Rb7 0-1

[Event "Turkish Cup 2016"]
[Site "Manavgat TUR"]
[Date "2016.01.31"]
[Round "3.37"]
[White "Kilic, Ihsan"]
[Black "Yuksel, Davut Can"]
[Result "1-0"]
[WhiteElo "2061"]
[BlackElo "1735"]
[WhiteTeam "MERSIN"]
[BlackTeam "SAMSUN"]
[WhiteFideId "6305334"]
[BlackFideId "6377777"]
[EventDate "2016.01.30"]

1. d4 Nf6 2. Nf3 e6 3. Bf4 c5 4. e3 b6 5. Bd3 Bb7 6. Nbd2 Be7 7. O-O O-O 8. c3
Nc6 9. h3 Rc8 10. a4 d6 11. Qe2 Re8 12. Rfd1 Bf8 13. Bb5 cxd4 14. cxd4 d5 15.
Rdc1 Nd7 16. Rc2 Nb4 17. Rxc8 Qxc8 18. Ne5 Bc6 19. Nxc6 Nxc6 20. Rc1 Nxd4 21.
Qd1 Ne2+ 22. Bxe2 Qd8 23. Bb5 e5 24. Bg3 Re6 25. Nc4 dxc4 26. Qxd7 Qxd7 27. Bxd7
Rd6 28. Bb5 1-0

[Event "Turkish Cup 2016"]
[Site "Manavgat TUR"]
[Date "2016.01.31"]
[Round "3.38"]
[White "Kilic, Cihan"]
[Black "Dedebas, Emre Emin"]
[Result "1/2-1/2"]
[WhiteElo "1912"]
[BlackElo "2077"]
[WhiteTeam "SIIRT"]
[BlackTeam "MANISA"]
[WhiteFideId "34557237"]
[BlackFideId "6349005"]
[EventDate "2016.01.30"]

1. d4 d5 2. Nf3 c5 3. c3 Nf6 4. Bf4 Qb6 5. Qb3 Nc6 6. Nbd2 g6 7. e3 c4 8. Qxb6
axb6 9. e4 dxe4 10. Ng5 b5 11. Ngxe4 Nd5 12. Bg3 f5 13. Ng5 f4 14. Bh4 h6 15.
Nge4 g5 16. Bxg5 hxg5 17. Nxg5 Bh6 18. Ngf3 Bf5 19. a3 O-O-O 20. a4 b4 21. Rc1
bxc3 22. bxc3 Nb6 23. Bxc4 e5 24. Bb5 e4 25. Bxc6 exf3 26. Bxf3 Rhe8+ 27. Kf1
Nxa4 28. h3 1/2-1/2

[Event "Turkish Cup 2016"]
[Site "Manavgat TUR"]
[Date "2016.01.31"]
[Round "3.39"]
[White "Pektas, Yigit"]
[Black "Dogdu, Mehmet"]
[Result "1-0"]
[WhiteElo "1815"]
[BlackElo "2043"]
[WhiteTeam "ANTALYA"]
[BlackTeam "KONYA"]
[WhiteFideId "6367046"]
[BlackFideId "6315623"]
[EventDate "2016.01.30"]

1. d4 Nf6 2. c4 e6 3. Nf3 b6 4. g3 Ba6 5. Nbd2 Bb4 6. Qa4 Qe7 7. a3 Bxd2+ 8.
Bxd2 Bb7 9. Bg2 O-O 10. O-O d6 11. b4 Ne4 12. Be3 Nd7 13. Ng5 d5 14. Nxe4 dxe4
15. Bf4 g5 16. Bc1 a6 17. Qc2 f5 18. Bb2 Rf7 19. Qc3 h5 20. d5 Kh7 21. Rad1 Nf6
22. Qe5 Re8 23. f3 e3 24. Qxe3 exd5 25. Qxg5 Qe3+ 26. Qxe3 Rxe3 27. Kf2 Rb3 28.
Bxf6 Rxf6 29. f4 Rxa3 30. cxd5 Rb3 31. Rd4 Rc3 32. Re1 Rc2 33. d6 Bxg2 34. d7
Rf8 35. d8=Q Rxd8 36. Rxd8 Bc6 37. Rdd1 Bb5 38. Rc1 Rxc1 39. Rxc1 c6 40. e4 fxe4
41. Ke3 Kg6 42. Kxe4 Kf6 43. h3 a5 44. bxa5 bxa5 45. g4 h4 46. Kd4 a4 47. Kc5
Ke6 48. Re1+ Kf6 49. Kb4 Kg6 50. Ra1 1-0

[Event "Turkish Cup 2016"]
[Site "Manavgat TUR"]
[Date "2016.02.01"]
[Round "4.1"]
[White "Sevgi, Volkan"]
[Black "Haznedaroglu, Kivanc"]
[Result "0-1"]
[WhiteTitle "FM"]
[BlackTitle "GM"]
[WhiteElo "2197"]
[BlackElo "2467"]
[WhiteTeam "MERSIN"]
[BlackTeam "MANISA"]
[WhiteFideId "6325335"]
[BlackFideId "6300634"]
[EventDate "2016.01.30"]

1. c4 f5 2. g3 e5 3. Bg2 Nf6 4. Nc3 Nc6 5. d3 Bc5 6. e3 d6 7. Nge2 O-O 8. O-O a5
9. Nd5 Ba7 10. Bd2 Ne7 11. Nxf6+ Rxf6 12. d4 c6 13. dxe5 dxe5 14. Bc3 Qc7 15.
Qe1 Bb6 16. Nc1 Ng6 17. Nd3 Qe7 18. h4 Bc7 19. h5 Nh8 20. f4 Nf7 21. Rd1 Rh6 22.
g4 fxg4 23. fxe5 Be6 24. Qg3 Bxc4 25. Qxg4 Be6 26. Qd4 Rxh5 27. Nf4 Rh6 28. Nxe6
Rxe6 29. Qc4 Re8 30. Bh3 Qg5+ 31. Kh1 Qh5 32. Kg2 Rg6+ 33. Kh2 Bxe5+ 34. Bxe5
Qxe5+ 35. Kh1 Rf6 36. Rxf6 Qxf6 37. Rf1 Qg6 38. Rf3 b5 39. Qf4 Ng5 40. Rg3 Nxh3 0-1

[Event "Turkish Cup 2016"]
[Site "Manavgat TUR"]
[Date "2016.02.01"]
[Round "4.2"]
[White "Yilmazyerli, Mert"]
[Black "Metin, Oguz"]
[Result "1-0"]
[WhiteTitle "IM"]
[WhiteElo "2438"]
[BlackElo "2134"]
[WhiteTeam "KAYSERI"]
[BlackTeam "BURDUR"]
[WhiteFideId "6305962"]
[BlackFideId "6307850"]
[EventDate "2016.01.30"]

1. Nf3 Nf6 2. g3 d5 3. Bg2 g6 4. c4 c6 5. Qa4 Bg7 6. cxd5 Qxd5 7. Nc3 Qh5 8. h3
Qc5 9. d4 Qb6 10. O-O O-O 11. e4 a5 12. Qc2 Na6 13. Be3 Qd8 14. Rfd1 h6 15. Rac1
Be6 16. Qd2 Kh7 17. d5 cxd5 18. exd5 Bd7 19. Ne5 Ne8 20. Bb6 Qc8 21. Ne4 Bxe5
22. Rxc8 Rxc8 23. Bd4 Bd6 24. Nxd6 Nxd6 25. Qxa5 Rc4 26. Qe1 Re8 27. b3 Rc2 28.
Rd2 Rc7 29. Bb6 Rcc8 30. Re2 e6 31. Kh2 exd5 32. Bxd5 Rxe2 33. Qxe2 Nb4 34. Bxf7
Nxf7 35. Qe7 1-0

[Event "Turkish Cup 2016"]
[Site "Manavgat TUR"]
[Date "2016.02.01"]
[Round "4.3"]
[White "Camci, Ali Ammar"]
[Black "Firat, Burak"]
[Result "0-1"]
[BlackTitle "IM"]
[WhiteElo "2074"]
[BlackElo "2452"]
[WhiteTeam "SAKARYA"]
[BlackTeam "ISTANBUL"]
[WhiteFideId "6305130"]
[BlackFideId "6305881"]
[EventDate "2016.01.30"]

1. f4 d5 2. Nf3 g6 3. g3 Bg7 4. Bg2 Nf6 5. O-O O-O 6. d3 Nbd7 7. Nc3 Nc5 8. Ne5
d4 9. b4 Ncd7 10. Nxd7 Bxd7 11. Nb1 c6 12. Na3 b5 13. Bd2 Ng4 14. Qe1 a5 15.
bxa5 Ne3 16. Rf2 Nxg2 17. Rxg2 c5 18. h4 Bc6 19. Rh2 Qd5 20. h5 gxh5 21. Qf1 f5
22. Qf3 Qxf3 23. exf3 e6 24. Kf2 Rfb8 25. Rxh5 Bd5 26. g4 fxg4 27. fxg4 b4 28.
Nc4 Bxc4 29. dxc4 Rxa5 30. Rb1 Rxa2 31. Ke1 Bf8 32. Kd1 Rba8 33. Re5 Kf7 34. Rh5
h6 35. f5 exf5 36. Rxf5+ Kg6 37. Re5 R8a6 38. Re8 Rf6 39. Rb3 Ra1+ 40. Ke2 Rg1
41. Re4 Rg2+ 42. Ke1 Ra6 43. Rb1 Ra3 44. Re6+ Kf7 45. Re4 Rg1+ 0-1